000 00976nam a2200301Ia 4500
001 2921
003 IT-RoPAU
008 130308s9999 xx 000 0 und d
040 _aIT-RoPAU
040 _cIT-RoPAU
041 _aITALIANO
100 _aSerpieri Alessandro
100 _gCodice Aut. SPICS: 1343
245 _aIpotesi teorica di segmentazione del testo teatrale
245 _bCome Comunica Il Teatro: dal testo Alla Scena
250 _a1a ed.
260 _aMILANO
260 _bIl Formichiere
260 _c1978 [1° Ed.:1978 - Ed.Ling.Originale:1978]
300 _a"44 p. (prefazione: no ; testo: 44 [pagine: 11-54])"
500 _aRicerca dei Fondamenti Linguaggio Drammaturgico e Narrativo Linguaggio Comunicativo Deissi livello Performativo Anafora Assi della Lingua Teatrale prove di Segmentazione
650 _aLINGUAGGIO TEATRALE
650 _eCodice materia Spics: 8404
942 _cBK
957 _71
999 _c61429
_d61429
999 _bSI
999 _g1